| 000 | 01104nam a2200289 i 4500 | ||
|---|---|---|---|
| 001 | 93402 | ||
| 003 | ES-MaACL | ||
| 005 | 20250624062854.0 | ||
| 007 | t| | ||
| 008 | 050526s1961 sp ||||1| spa d | ||
| 080 | _a77.04 Masats, Ramón (083.82) | ||
| 100 | 0 |
_aMasats, Ramón, _d1931-2024 _978672 |
|
| 245 | 1 | 0 |
_aMasats _b: [exposición, Sala del Prado del Ateneo de Madrid, 4-17 de abril de 1961] / _c[texto, José Luis Fernández del Amo]. |
| 260 |
_aMadrid : _bEditora Nacional, _c[1961] |
||
| 300 |
_a[34] p. : _bprincipalmente il. n. ; _c21 cm. |
||
| 490 | 1 |
_aCuadernos de arte. Colección ordinaria ; _v76 |
|
| 600 | 1 | 4 |
_aMasats, Ramón- _vExposiciones. _978673 |
| 610 | 2 | 7 |
_aAteneo de Madrid- _vExposiciones- _y1960-1969. _91920 |
| 655 | 7 |
_2tgfbne _9193628 _aCatálogos de exposiciones |
|
| 700 | 1 |
_aFernández del Amo, José Luis. _949726 |
|
| 710 | 2 |
_aAteneo de Madrid. _bSala del Prado. _91965 |
|
| 830 | 1 |
_aCuadernos de arte. Colección ordinaria _v76 _9180064 |
|
| 852 |
_aES-MaACL _j2191-F-21 |
||
| 852 |
_aES-MaACL _jG-13297(7) |
||
| 942 | _2udc | ||
| 999 |
_c93402 _d93402 |
||